| 000 | 00888nam a2200205Ia 4500 | ||
|---|---|---|---|
| 005 | 20250517103425.0 | ||
| 008 | 240822s9999 xx 000 0 und d | ||
| 020 |
_a9789390095407 _qhbk |
||
| 041 | _aeng | ||
| 082 |
_a327.51 _bANA |
||
| 100 | _aAnand Tewari, Brigadier | ||
| 245 | 0 |
_aChinese Geopolitics in The 21St Century : A Post Pandemic Perspective _c/ Brigadier Anand Tewari (Retd) |
|
| 250 | _a1st edition | ||
| 260 |
_bPentagon Press _c2021 _aNew Delhi |
||
| 300 |
_a306 p _bill,; _c24 cm. |
||
| 504 | _aindex | ||
| 520 | _aEmploys an 'inside-out' approach to examine China's geopolitics. To successfully address this issue as an outsider, the book searches for the roots of today`s China through its evolution of geospatial, human geographical, metaphysical and economic spheres. | ||
| 650 | _a International Relations & Globalization ,Indian History | ||
| 942 | _cENGLISH | ||
| 999 |
_c525902 _d525902 |
||